Evaluacion de los medidores domiciliarios del acueducto metropolitano de San Jose

Guardat en:
Dades bibliogràfiques
Autor principal: Acuna Rodriguez, Dora Emilia
Format: Thesis Llibre
Idioma:Undetermined
Publicat: 1984
Matèries:
> > > > MEDIDORES
Etiquetes: Afegir etiqueta
Sense etiquetes, Sigues el primer a etiquetar aquest registre!

MARC

LEADER 00000nam a2200000Ia 4500
001 2444
008 140114s9999 xx 000 0 und d
100 |a Acuna Rodriguez, Dora Emilia 
245 |a Evaluacion de los medidores domiciliarios del acueducto metropolitano de San Jose 
260 |c 1984 
500 |a NULL 
502 |a Escuela de ingenieria Civil 
650 |z MEDIDORES 
999 |c 11571  |d 11571